=LDR 00000nam 2200000 4500 =001 INLIS000000000019855 =005 20130612114854 =008 ***********************************Ind** =035 ##$$0010-061300000019855 =041 ##$$a Ind =082 ##$$a 828.83 =090 ##$$a 828.83, Cha j =100 ##$$a Chaprian, Spences =245 ##$$a The jungle is neural, F. Spencer Chapman =260 ##$$b Ed.1 =300 ##$$a London, Chatto ang Windows, 1960 =650 ##$$a Kesusastraan Inggris-Penulisan =850 ##$$a NBPNMAT